Hermann Hesse novels - Statistics

General Stats
  • This quiz has been taken 42 times
  • The average score is 5 of 13
Answer Stats
Hint Answer % Correct
1927 Der Steppenwolf
85%
1922 Siddharta
85%
1943 Das Glasperlenspiel
69%
1917 Demian
56%
1930 Narziß und Goldmund
56%
1904 Peter Camenzind
28%
1906 Unterm Rad
23%
1932 Die Morgenlandfahrt
15%
1910 Gertrud
13%
1915 Knulp
13%
1914 Roßhalde
13%
1920 Klingsors letzter Sommer
8%
1927 Die Nürnberger Reise
3%
No matching quizzes found
Score Distribution
Percent of People with Each Score
Percentile by Number Answered
Your Score History
You have not taken this quiz